000 01091 a2200229 4500
999 _c7243
_d7243
005 20181117144932.0
010 _aHIN-80889, B-237795
020 _c295.00
_a9788183187916
035 _aHN-53235, B-237795
037 _bD.B.Act / pub
082 _a330.954
100 _aमिश्र, एस.के.
245 _aभारतीय अर्थव्यवस्था
_cएस.के.मिश्र तथा वी.के.पुरी
246 _aBhartiya airthvyavastha
_bby S.K. Mishra
250 _a19वाँ संस्क
260 _aमुम्बई
_bहिमालया पब्लिशिंग हाऊस
_c2007
270 _aरामदूत डा. भालेराव मार्ग गिरगाँव(केलेवाड़ी)
_bमुम्बई
_e400004
_k022- 23863863
_l022 23877178
300 _a708पृ
_c24सेमी (अजिल्द)
700 _aपुरी, वी.के.
942 _adpl
_cHN
_k330.954 / मिश्रए
_2ddc
_h330.954
_mमिश्रए